| 000 | 00333nam a22001457a 4500 | ||
|---|---|---|---|
| 020 | _qPB. | ||
| 040 | _cFIZZA ISHAQ | ||
| 082 |
_a624.15 _bDON |
||
| 100 |
_aCODUTO,P.DONALD. _991259 |
||
| 245 |
_aFOUNDATION DESIGN / _cDONALD P.CODUTO. |
||
| 250 | _a2nd ED. | ||
| 260 |
_aDORLING ; _c2014. |
||
| 300 | _a886 P. ; | ||
| 942 |
_2ddc _cBK |
||
| 999 |
_c589440 _d589440 |
||